000 00461ntaaa2200181 4500
003 01
005 20251027202119.0
008 0714s1973 ag 01
040 _aAR-BaBN
_bspa
_cAR-BaBN
_eaacr
_dRIC
082 _a253.7000 C16
100 _aCanclini, Santiago
_91475
245 _aY le trajo a Jesús
250 _a1 ed.
260 _aBuenos Aires :
_bJunta Bautista de Publicaciones,
_c1965
300 _a108 p
650 _aevangelismo personal
942 _cBK
999 _c16033
_d16033